000 00616nam a22001697a 4500
008 230516b |||||||| |||| 00| 0 eng d
040 _aNational Science Library
_cNational Science Library
080 _a551.5
100 1 _aGeorge, J M
_99038
245 _aMeteorological data from the CSIRO
_c/ Pastoral Research laboratory, Armidale, N.S.W., 1949-76
260 _aAustralia:
_bCommonwealth Scientific and Industrial Research Organization,
_c1977
300 _a27p.
490 _aCSIRO Animal Research Laboratories technical paper no. 5
700 _aVickery, P J
700 _aWilson, M A
942 _2udc
_cREF
999 _c30434
_d30434